| 000 | 01077cam a2200337 i 4500 | ||
|---|---|---|---|
| 001 | 200450105 | ||
| 003 | TR-AnTOB | ||
| 005 | 20250114111907.0 | ||
| 007 | ta | ||
| 008 | 180313s2022 tu 001 0 tur d | ||
| 020 | _a 9786051684482 | ||
| 040 |
_aTR-AnTOB _beng _erda _cTR-AnTOB |
||
| 041 | 0 | _atur | |
| 050 | 1 | 4 | _aKKX938 |
| 090 |
_aKKX938 _b.U93i 2022 |
||
| 100 | 1 |
_aUyar, Talih, _d1945- _eauthor _9118813 |
|
| 245 | 1 | 0 |
_aİcra hukukunda kambiyo senetleri (İİK. 167-170b) / _cAvukat Talih Uyar, Avukat Alper Uyar, Avukat Cüneyt Uyar. |
| 246 | _aKambiyo senetleri. | ||
| 250 | _aYeniTK., ve HMK.'na göre genişletilmiş 6. Baskı Haziran 2022. | ||
| 264 | 1 |
_aAnkara : _bBilgi Yayınevi, _c2022. |
|
| 300 |
_a1587 pages ; _c23 cm. |
||
| 336 |
_2rdacontent _atext _btxt |
||
| 337 |
_2rdamedia _aunmediated _bn |
||
| 338 |
_2rdacarrier _avolume _bnc |
||
| 504 | _aBIB | ||
| 590 | _aDonated by Kudret Aslan | ||
| 650 | 0 |
_aİcra-iflas hukuku _zTürkiye _9115811 |
|
| 650 | 7 |
_958178 _aKambiyo senetleri _2etuturkob |
|
| 942 |
_2lcc _cBK |
||
| 999 |
_c200450105 _d68317 |
||